| 000 | 00760nam a2200229Ia 4500 | ||
|---|---|---|---|
| 001 | L235-7488 | ||
| 003 | IT-CnALBA | ||
| 008 | 170116s9999||||xx |||||||||||||| ||und|| | ||
| 040 |
_aIT-CnALBA _cIT-CnALBA |
||
| 041 | _aLATINO | ||
| 100 | _aROSCHINI P. GABRIELE, OSM. | ||
| 245 | 0 | _aCOMPENDIUM MARIOLOGIAE. | |
| 250 | _a1a ed. | ||
| 260 |
_a ROMAE _bSCIENTIA CATHOLICA _c1946 [1° Ed.:1946 - Ed.Ling.Originale: 1946] |
||
| 300 | _a512 p. (prefazione: 5) | ||
| 500 | _aDOPPIONE DEL DOCUMENTO 7477. | ||
| 501 | _aSocietà San Paolo EM - Piazza San Paolo, 14 - 12051 ALBA (CN) (non commercial uses only) ® Copyright 2017 | ||
| 520 | _aDOPPIONE DEL DOCUMENTO 7477. | ||
| 650 | _aMARIA SS. ANGELI SANTI DEMONI | ||
| 942 | _cBK | ||
| 957 | _71 | ||
| 999 |
_a8464 _bSI _g Copie: 1 _c266670 _d266670 |
||